00330nam a2200133Ia 4500008004100000020001500041041000800056100001500064245004500079260003200124300000800156365001100164650002100175140306s9999 xx 000 0 und d a0631168664 aeng aBinmoreKen aEssays on the foundations of game theory aCambridgebBasil Black Well a239 bUKP.35 aNash equilibrium